100 Biggest Cities in Western Europe - Statistics

General Stats
  • This quiz has been taken 340 times
  • The average score is 65 of 100
Answer Stats
Rank Population City % Correct
1 8.91 million London
98%
3 3.25 million Madrid
96%
6 2.23 million Paris
96%
19 825k Amsterdam
95%
2 3.27 million Berlin
95%
14 1.02 million Brussels
95%
9 1.62 million Barcelona
94%
5 2.62 million Rome
93%
36 554k Manchester
92%
10 1.24 million Milan
92%
13 1.05 million Dublin
91%
27 612k Glasgow
91%
8 1.69 million Hamburg
91%
18 855k Marseille
91%
11 1.18 million Munich
91%
7 1.84 million Vienna
91%
37 547k Lisbon
90%
32 579k Liverpool
89%
12 1.15 million Birmingham
88%
22 703k Seville
88%
50 460k Antwerp
87%
15 965k Cologne
86%
16 962k Naples
86%
20 814k Valencia
86%
26 625k Rotterdam
85%
17 872k Turin
85%
51 458k Toulouse
84%
25 648k Frankfurt am Main
83%
44 501k Lyon
83%
41 515k The Hague
82%
67 329k Belfast
80%
4 3.09 million Athens
79%
43 503k Leeds
78%
24 658k Palermo
78%
38 544k Sheffield
78%
31 581k Stuttgart
77%
45 488k Edinburgh
76%
62 355k Bilbao
75%
33 571k Bristol
75%
48 473k Dresden
75%
34 568k Dusseldorf
75%
64 342k Nice
75%
46 486k Nuremburg
75%
30 586k Genoa
74%
40 516k Hannover
73%
47 486k Leipzig
73%
35 568k Malaga
73%
39 527k Bremen
72%
56 372k Zurich
72%
79 281k Newcastle upon Tyne
71%
97 244k Bordeaux
69%
61 358k Florence
68%
49 470k Leicester
68%
63 350k Cardiff
67%
77 293k Nantes
67%
23 674k Zaragoza
67%
29 587k Dortmund
66%
28 588k Essen
66%
87 269k Southampton
65%
65 335k Utrecht
65%
21 789k Thessaloniki
64%
91 261k Venice
64%
57 371k Bologna
60%
84 276k Strasbourg
59%
52 437k Murcia
58%
72 312k Nottingham
57%
58 369k Coventry
55%
53 401k Palma
55%
85 274k Graz
52%
71 316k Bari
51%
73 307k Bonn
51%
66 335k Alicante
49%
68 328k Cordoba
49%
76 294k Catania
48%
74 306k Mannheim
48%
86 272k Montpellier
48%
96 246k A Coruna
46%
95 248k Portsmouth
46%
42 513k Duisburg
45%
92 260k Verona
45%
100 242k Brighton
41%
94 253k Augsburg
40%
82 277k Stoke-on-Trent
40%
80 279k Karlsruhe
39%
55 382k Las Palmas de Gran Canaria
37%
78 288k Kingston upon Hull
36%
75 297k Vigo
36%
70 318k Valladolid
35%
54 388k Bochum
31%
99 243k Messina
31%
59 365k Wuppertal
31%
60 361k Bradford
30%
90 264k Derby
29%
89 265k Munster
29%
93 255k Chemnitz
27%
83 276k Gelsenkirchen
26%
81 278k Gijon
24%
88 269k Wiesbaden
22%
69 320k Bielefield
6%
98 244k Brauchsweig
4%
No matching quizzes found
Score Distribution
Percent of People with Each Score
Percentile by Number Answered
Your Score History
You have not taken this quiz